000 00211 a2200097 4500
001 11657
100 _aJane's
245 _aJane's all the world aircraft 1995-1996
260 _a
_bJanes
_c
090 _c8967
_d8967
942 _aNUST-CAE
_cM
_c35785
999 _c246730
_d246730